Jews population by country - 1942 - Statistics

General Stats
  • This quiz has been taken 288 times
  • The average score is 8 of 10
Answer Stats
# Country % Correct
300,000 United Kingdom
96%
250,000 France
94%
3,000,000 Poland
93%
4,228,529 United States
93%
2,525,000 Russia
89%
48,000 Italy
74%
445,000 Hungary
70%
756,000 Romania
69%
156,000 Netherlands
62%
60,000 Belgium
54%
No matching quizzes found
Score Distribution
Percent of People with Each Score
Percentile by Number Answered
Your Score History
You have not taken this quiz